Statistics for Pokemon by first and last letters - gen 6

Click here to take the quiz!

General Stats

  • This quiz has been taken 16 times
    (15 since last reset)
  • The average score is 16 of 20

Answer Stats

FirstAnswerLast% Correct
IInkayY
100%
KKlefkiI
100%
PPangoro/PumpkabooO
100%
YYveltalL
100%
AAvaluggG
90%
FFurfrouU
90%
GGoomyY
90%
PPyroarR
90%
TTyrantrumM
90%
AAromatisseE
80%
SSlurpuffF
80%
AAegislashH
70%
CChesnaughtT
70%
DDelphoxX
70%
HHelioliskK
70%
MMeowsticC
70%
NNoivernN
70%
SSpewpaA
70%
FFlorgesS
60%
DDiggersbyY
50%

Score Distribution

Percentile by Number Answered

Percent of People with Each Score

Your Score History

You have not taken this quiz since the last reset